00422nam a22001337a 4500003000400000008004100004020001800045082001700063245009500080260006300175300001100238700002100249700001800270OSt260626b |||||||| |||| 00| 0 eng d a9788170196952 a571.96bS13H aHost-Pathogen Interaction: A Molecular Approach / edited by Sangita Sahni and B.D. Prasad aDelhi : bToday & Tomorrow Printers and Publishers,c2021. a224 p. aSahni, Sangita  aPrasad, B.D.